|
|
|
|
| LEADER |
00000nab a2200000 ar4500 |
| 001 |
vtls008425938 |
| 003 |
SK-MaSNL |
| 005 |
20260319071310.0 |
| 008 |
060124c2004 xo |||||||b| |000 b|hun |
| 015 |
|
|
|a SNBRB2006/01
|2 snkbucl
|
| 038 |
|
|
|a SNKBUCL
|
| 040 |
|
|
|a DSZK
|b slo
|c DSZK
|e AACR2
|
| 041 |
0 |
|
|a hun
|b eng
|
| 044 |
|
|
|a xo
|c SK
|
| 080 |
|
|
|a 82.033:821 (100)
|2 UDC-MRF-SK2
|
| 080 |
|
|
|a 821 (100).033
|2 UDC-MRF-SK2
|
| 100 |
1 |
|
|a Mészáros, András,
|d 1949-
|4 aut
|9 93340
|
| 245 |
1 |
0 |
|a A bűn és a bűnhődés motívuma a Don Juan-művekben
|c Mészáros András
|
| 504 |
|
|
|a Bibliogr. odkazy
|
| 546 |
|
|
|a Res. angl.
|
| 600 |
0 |
7 |
|a Don Juan (legendárna postava)
|2 snkbucl
|9 50632
|
| 773 |
0 |
|
|t Fórum társadalomtudományi szemle
|g Évf. VII, sz. 4 (2005), o. 101-110
|x 1335-4361
|
| 852 |
|
|
|a SNK
|b KIS3GCP
|
| 852 |
|
|
|a DSZK
|b KIS3GCP
|
| 958 |
|
|
|a HU
|
| 958 |
|
|
|a LX
|
| 958 |
|
|
|a NB
|
| 999 |
|
|
|c 1753322
|d 1755252
|